Le Mans 24 Hours 2025 Hypercar Entry List - Statistics

General Stats
  • This quiz has been taken 156 times
  • The average score is 29 of 63
Answer Stats
Team # Nat Driver % Correct
AF Corse 83 POL Robert Kubica
87%
Ferrari AF Corse 51 ITA Antonio Giovinazzi
80%
Cadillac Hertz Team Jota 38 GBR Jenson Button
79%
Toyota Gazoo Racing 7 JPN Kamui Kobayashi
77%
BMW M Team WRT 15 DEN Kevin Magnussen
72%
Alpine Endurance Team 36 GER Mick Schumacher
72%
Porsche Penske Motorsport 6 FRA Kevin Estre
71%
Toyota Gazoo Racing 8 NZL Brendon Hartley
69%
Toyota Gazoo Racing 8 SUI Sebastian Buemi
67%
AF Corse 83 CHN Yifei Ye
67%
Toyota Gazoo Racing 7 NED Nyck de Vries
64%
Ferrari AF Corse 50 ITA Antonio Fuoco
61%
Ferrari AF Corse 51 ITA Alessandro Pier Guidi
60%
Porsche Penske Motorsport 4 BRA Felipe Nasr
59%
Ferrari AF Corse 50 DEN Nicklas Nielsen
59%
BMW M Team WRT 15 BEL Dries Vanthoor
57%
Porsche Penske Motorsport 6 BEL Laurens Vanthoor
57%
Ferrari AF Corse 50 ESP Miguel Molina
57%
Ferrari AF Corse 51 GBR James Calado
56%
BMW M Team WRT 20 RSA Sheldon Van der Linde
56%
Toyota Gazoo Racing 8 JPN Ryo Hirakawa
52%
AF Corse 83 GBR Philip Hanson
51%
Peugeot Totalenergies 93 GBR Paul Di Resta
49%
Peugeot Totalenergies 94 BEL Stoffel Vandoorne
49%
Cadillac Hertz Team Jota 38 FRA Sebastien Bourdais
47%
Cadillac Hertz Team Jota 38 NZL Earl Bamber
45%
Toyota Gazoo Racing 7 GBR Mike Conway
45%
Alpine Endurance Team 35 AUT Ferdinand Habsburg
44%
Peugeot Totalenergies 93 FRA Jean-Eric Vergne
44%
Porsche Penske Motorsport 6 AUS Matt Campbell
44%
Cadillac Wheelen 311 GBR Jack Aitken
43%
Peugeot Totalenergies 94 FRA Loic Duval
41%
Cadillac Hertz Team Jota 12 FRA Norman Nato
41%
Alpine Endurance Team 35 FRA Charles Milesi
40%
Aston Martin Thor Team 009 DEN Marco Sorensen
40%
Porsche Penske Motorsport 5 DEN Michael Christensen
40%
Cadillac Hertz Team Jota 12 GBR Will Stevens
40%
Proton Competition 99 SUI Neel Jani
39%
Porsche Penske Motorsport 4 GER Pascal Wehrlein
39%
Cadillac WTR 101 USA Jordan Taylor
37%
BMW M Team WRT 20 GER Rene Rast
37%
Cadillac WTR 101 USA Ricky Taylor
37%
Alpine Endurance Team 36 FRA Frederic Makowiecki
36%
Cadillac Wheelen 311 BRA Felipe Drugovich
35%
Porsche Penske Motorsport 4 GBR Nick Tandy
35%
Cadillac Hertz Team Jota 12 GBR Alex Lynn
33%
Porsche Penske Motorsport 5 FRA Julien Andlauer
33%
Peugeot Totalenergies 93 DEN Mikkel Jensen
33%
Alpine Endurance Team 36 FRA Jules Gounon
32%
Porsche Penske Motorsport 5 FRA Mathieu Jaminet
32%
Proton Competition 99 CHI Nicolas Pino
32%
Alpine Endurance Team 35 FRA Paul-Loup Chatin
32%
BMW M Team WRT 20 NED Robin Frijns
32%
Aston Martin Thor Team 009 ESP Alex Riberas
28%
Aston Martin Thor Team 007 GBR Tom Gamble
28%
Aston Martin Thor Team 009 CAN Roman De Angelis
27%
Cadillac WTR 101 POR Filipe Albuquerque
25%
Aston Martin Thor Team 007 GBR Harry Tincknell
25%
Proton Competition 99 ARG Nicolas Varrone
25%
BMW M Team WRT 15 SUI Raffaele Marciello
25%
Aston Martin Thor Team 007 GBR Ross Gunn
24%
Peugeot Totalenergies 94 DEN Maithe Jakobsen
23%
Cadillac Wheelen 311 DEN Frederik Vesti
20%
No matching quizzes found
Score Distribution
Percent of People with Each Score
Percentile by Number Answered
Your Score History
You have not taken this quiz